[Event "Sao Jose dos Campos op"]
[Site "Sao Jose dos Campos"]
[Date "2022.09.11"]
[Round "7"]
[White "Cassiano, Matheus Natanael"]
[Black "Sant Anna, Eddie Luiz G"]
[Result "0-1"]
[WhiteElo "1775"]
[BlackElo "2026"]
[PlyCount "88"]
[EventDate "2022.09.08"]
[EventType "swiss"]
[EventRounds "7"]
[EventCountry "BRA"]
[SourceTitle "CBM 210 Extra"]
[Source "ChessBase"]
[SourceDate "2022.11.30"]
[SourceVersion "1"]
[SourceVersionDate "2022.11.30"]
[SourceQuality "1"]

1. e4 e6 2. d4 d5 3. e5 c5 4. c3 Nc6 5. Nf3 Qb6 6. a3 Nh6 7. b4 cxd4 8. cxd4 Nf5 9. Bb2 Bd7 10. g4 Nfe7 11. Nc3 Na5 12. Rc1 Rc8 13. Ba1 Nc4 14. Na4 Qa6 15. Nc5 Qxa3 16. Bc3 Rxc5 17. bxc5 Ba4 18. Rc2 Bxc2 19. Qxc2 b5 20. cxb6 axb6 21. Bxc4 dxc4 22. 0-0 Qa6 23. Ra1 Qb7 24. Qa4+ b5 25. Qa8+ Qxa8 26. Rxa8+ Kd7 27. Bb4 Ng6 28. Bxf8 Rxf8 29. Ra6 Kc7 30. Kf1 Kb7 31. Ra3 Nf4 32. Nd2 Ra8 33. Rxa8 Kxa8 34. f3 Kb7 35. Ke1 Kc6 36. Kf2 Kd5 37. Ke3 Ng2+ 38. Kf2 Kxd4 39. Kxg2 Kd3 40. Ne4 c3 41. Nf2+ Ke2 42. Ne4 c2 43. Nc3+ Kd3 44. Na2 Kd2 0-1

[Event "Sao Jose dos Campos op 3rd"]
[Site "Sao Jose dos Campos"]
[Date "2021.08.22"]
[Round "5"]
[White "Cassiano, Matheus Natanael"]
[Black "Dos Santos, Lucas Aparecido"]
[Result "1-0"]
[WhiteElo "1803"]
[BlackElo "2013"]
[PlyCount "57"]
[EventDate "2021.08.21"]
[EventType "swiss"]
[EventRounds "5"]
[EventCountry "BRA"]
[SourceTitle "CBM 204 Extra"]
[Source "ChessBase"]
[SourceDate "2021.11.30"]
[SourceVersion "1"]
[SourceVersionDate "2021.11.30"]
[SourceQuality "1"]

1. e4 c5 2. c3 Nf6 3. d4 Nxe4 4. Nf3 cxd4 5. cxd4 d5 6. Bd3 Nf6 7. 0-0 e6 8. Nc3 Be7 9. Bf4 a6 10. Rc1 0-0 11. Re1 Nc6 12. Na4 Nd7 13. a3 Bf6 14. Ne5 Ncxe5 15. dxe5 Be7 16. Re3 f5 17. exf6 Nxf6 18. Bc7 Qe8 19. Nb6 Bd7 20. Nxa8 Qxa8 21. Be5 Bc6 22. Rh3 h6 23. Qe2 Qa7 24. Kh1 Qb6 25. b4 Ne4 26. Bxe4 dxe4 27. Qg4 Rf7 28. Qxe6 Qxf2 29. Rg3 1-0